000 00325nam a22001337a 4500
008 170508b xxu||||| |||| 00| 0 eng d
020 _a0534547052
041 _aeng
080 _26TH
_a343.9
100 _a15
101 _aSHJ
245 _aAMERICA'S COURTS AND THE CRIMINAL JUSTICE SYSTEM
_cNEUBAUER, D.W
942 _2udc
_cBK
999 _c12927
_d12927